| 000 | 00469nam a2200157 i 4500 | ||
|---|---|---|---|
| 001 | 81448 | ||
| 003 | ES-MaACL | ||
| 005 | 20230906174435.0 | ||
| 007 | t| | ||
| 008 | 041104s1967 sp ||||1| spa d | ||
| 100 | 1 |
_aHuarte, Juan. _964468 |
|
| 245 | 1 | 3 |
_aLa realidad primaria de lo económico y el sentido de la economÃa / _cJuan Huarte. |
| 260 |
_a[S.l. : _bs.n., _c1967] ( _eMadrid : _fA.G. Mag) |
||
| 300 |
_a115 p. ; _c24 cm. |
||
| 852 |
_aES-MaACL _jC-46668 _bR.64798 |
||
| 999 |
_c81448 _d81448 |
||